| 000 | 00838nam a22001817a 4500 | ||
|---|---|---|---|
| 999 |
_c63392 _d63392 |
||
| 003 | Ge_BSU | ||
| 005 | 20250929181529.0 | ||
| 008 | 250929s1954 ge ||||| |||| 00| 0 geo d | ||
| 041 | _ageo | ||
| 080 | _a631.115.6 ნ-99 | ||
| 100 |
_aნუცუბიძე, ა. _920876 |
||
| 245 |
_aკოლმეურნეობათა ორგანიზაციულ-სამეურნეო განმტკიცების საკითხები _cა. ნუცუბიძე. |
||
| 264 |
_aთბილისი : _bსახელგამი, _c1954. |
||
| 300 |
_a155 გვ. ; _b21 სმ. |
||
| 504 | _aბიბლიოგრ. ტექსტის შენიშვნებში. | ||
| 653 | _aკოლმეურნეობების ორგანიზაცია | ||
| 942 |
_2udc _cᲬᲘᲒᲜᲘ |
||